| 000 | 00556cam a2200205ua 4500 | ||
|---|---|---|---|
| 001 | 11479 | ||
| 005 | 20260515114746.0 | ||
| 008 | 190923n ii |||gr||||Z||||||asm | ||
| 020 | _a9789381485026 | ||
| 040 | _cMAIN | ||
| 082 | _a491.45103 | ||
| 100 |
_aImran Hussain, _eAuthor. |
||
| 245 |
_aAdhunik aru uttar-adhunik paribhasakosh _cBy Imran Hussain |
||
| 250 | _a1st ed. | ||
| 260 |
_aGuwahati: _bJyoti prakashan, _c2011. |
||
| 300 | _a320p. | ||
| 653 | _aEast Indo-European & Celtic languages | ||
| 653 | _aAnglo-Assamese dictionary | ||
| 942 | _cBK | ||
| 999 |
_c10301 _d10301 |
||